000 00283nam a22001337a 4500
008 171011b xxu||||| |||| 00| 0 eng d
020 _a9780307587787
041 _aeng
080 _a316
100 _a50
101 _aSOC
245 _aTHE JOY OF SEX
_cCOMFORT.A
942 _2udc
_cBK
999 _c33100
_d33100